000 00461nam a2200169Ia 4500
008 230917s9999||||xx |||||||||||||| ||und||
020 _cRS1850
040 _e258758
_aMAIN
041 _aEnglish
082 _a647.94 S23B
100 _aSharma, Sanjeev
245 0 _aBasics of front office operations
260 _aNew Delhi
_bRandom Publications
_c2018
300 _aviii, 291 p.
500 _a3690 30/10/2019 UBC19/9679 18/11/2019 Main Budget
942 _cBK
999 _c33555
_d33555